| 000 | 00449nam a2200145Ia 4500 | ||
|---|---|---|---|
| 008 | 100415s9999 xx 000 0 und d | ||
| 082 |
_b1850 _a925.8 |
||
| 100 | _aHora Sunderlal | ||
| 245 | _aBibliography of the Publications of sunder Lal Hora | ||
| 260 |
_aCALCUTTA _c1951 _bGOC |
||
| 365 | _b0 | ||
| 630 | _aBibliography of the Publications of sunder Lal Hora | ||
| 730 | _aBibliography of the Publications of sunder Lal Hora | ||
| 942 | _cBOOK | ||
| 999 |
_c584898 _d584895 |
||